000 00643nam a2200265Ia 4500
005 20260121170945.0
008 008 260114s9999 xx 000 0 eng d
020 _a9783030018696
037 _aEBOOK
040 _aCRL
040 _beng
040 _cCRL
041 _2eng
041 _aeng
084 _qCRL
100 _aRichard J. Di Rocco
_91070271
245 0 _aConsilience, Truth and the Mind of God
260 _bSpringer
260 _bSpringer
260 _c2018
856 _uhttps://link.springer.com/openurl?genre=book&isbn=978-3-030-01869-6
942 _cEBOOK
999 _c1636001
_d1636001